| 000 | 00966cam a2200253 a 4500 | ||
|---|---|---|---|
| 001 | 11884452 | ||
| 005 | 20260313105746.0 | ||
| 008 | 000107s2001 txua 001 0 eng | ||
| 020 | _a0030312981 | ||
| 020 | _a9780030312984 | ||
| 050 | 0 | 0 |
_aHG4521 _b.M37 2001 |
| 082 | 0 | 0 |
_a332.67/8 _221 |
| 100 | 1 | _aMayo, Herbert B. | |
| 245 | 1 | 0 |
_aFinancial institutions, investments, and management : _ban introduction / _cHerbert B. Mayo. |
| 250 | _a7th ed. | ||
| 260 |
_aFort Worth : _bHarcourt College Publishers, _cc2001. |
||
| 300 |
_axxii, 706 p. : _bill. ; _c24 cm. |
||
| 650 | 0 | _aInvestments. | |
| 650 | 0 | _aInvestment analysis. | |
| 856 | 4 | 2 |
_3Contributor biographical information _uhttp://www.loc.gov/catdir/enhancements/fy1514/00100123-b.html |
| 856 | 4 | 2 |
_3Publisher description _uhttp://www.loc.gov/catdir/enhancements/fy1514/00100123-d.html |
| 856 | 4 | 1 |
_3Table of contents only _uhttp://www.loc.gov/catdir/enhancements/fy1514/00100123-t.html |
| 942 |
_2lcc _cBK _n0 |
||
| 999 |
_c9009 _d9009 |
||